| 000 | 01079cam a2200373 a 4500 | ||
|---|---|---|---|
| 001 | 3971 | ||
| 003 | FISKH | ||
| 005 | 20250127141231.0 | ||
| 008 | 970623s1998 nyua a 000 1 eng | ||
| 010 | _a 97026877 | ||
| 020 | _a0590149040 | ||
| 020 | _a9780590149044 | ||
| 040 |
_aDLC _cDLC _dDLC _beng |
||
| 042 | _alcac | ||
| 050 | 0 | 0 |
_aPZ7.M478818 _bBs 1998 |
| 082 | 0 | 0 |
_a409 _221 |
| 100 | 1 |
_aMcPhail, David, _d1940- |
|
| 245 | 1 | 2 |
_aA bug, a bear, and a boy / _cDavid McPhail. |
| 250 | _aThis edition first printing, January 2011. | ||
| 260 |
_aNew York : _bScholastic, _c1998. |
||
| 300 |
_a32 unnumbered pages : _bcolor illustrations ; _c23 cm |
||
| 440 | 0 |
_aHello reader! _nLevel 1 |
|
| 500 | _a"Cartwheel books." | ||
| 505 | _aE | ||
| 520 | _aThree friends learn, love, and play together. | ||
| 521 | 8 |
_a260
_bLexile |
|
| 521 | 8 |
_aE
_bRaz-Plus |
|
| 650 | 1 |
_aFriendship _vFiction. |
|
| 650 | 1 |
_aBears _vFiction. |
|
| 650 | 1 |
_aInsects _vFiction. |
|
| 906 |
_a7 _bcbc _corignew _d1 _eocip _f19 _gy-gencatlg |
||
| 942 |
_2ddc _cBK _n0 |
||
| 999 |
_c3971 _d3971 |
||